| 000 | 00703nam a2200229 a 4500 | ||
|---|---|---|---|
| 001 | 66437 | ||
| 003 | BD-RjUL | ||
| 005 | 20211209081537.0 | ||
| 008 | 170316s19671939nyua b 001 0 eng | ||
| 035 | _a(BD-RjUL)66567 | ||
| 035 | _a(OCoLC) | ||
| 040 |
_aDLC _cODaWU _dDP _dWaChenE _dDLC _beng |
||
| 041 | _aeng | ||
| 082 |
_223 _a622.7 _bGAP 1967 |
||
| 100 | 1 |
_aGaudin, Antoine Marc, _d1900-1974. _9196610 |
|
| 245 | 1 | 0 |
_aPrinciples of mineral dressing / _c A.M. Gaudin. |
| 260 |
_aLondon : _bMcGraw-Hill Book Company, inc., _cc1939 [renewed1967] |
||
| 300 |
_axi, 554 p. ; _c19 cm. : _bill. |
||
| 504 | _a"Literature cited" at end of each chapter. | ||
| 650 | 0 |
_aOre-dressing. _9196611 |
|
| 942 |
_2ddc _cBK |
||
| 999 |
_c66437 _d66437 |
||